Devleskere čhave- svedectvom starých pohľadníc /
Guardado en:
| Formato: | Libro |
|---|---|
| Publicado: |
Poprad :
Region Poprad,
2006
|
| Materias: | |
| Etiquetas: |
Sin Etiquetas, Sea el primero en etiquetar este registro!
|
MARC
| LEADER | 00000nam a22000003a 4500 | ||
|---|---|---|---|
| 001 | stu200028 | ||
| 005 | 20141123095213.4 | ||
| 008 | 100222s2006----------------------------d | ||
| 020 | |a 80-969344-0-6 | ||
| 040 | |a STU |b slo | ||
| 041 | 0 | ||
| 245 | |a Devleskere čhave- svedectvom starých pohľadníc / |c Zost. Jana Horváthová | ||
| 260 | |a Poprad : |b Region Poprad, |c 2006 | ||
| 300 | |a 175 s | ||
| 650 | 7 | |a rómske etnikum |2 stusub | |
| 650 | 7 | |a vedy spoločenské |2 stusub | |
| 996 | |b 284AU04448 |c A*6937 U |l AAKNAR |s A |a 24 |w stu200028_0001 | ||